03955cam a22004694i 4500003000900000005001700009008004100026020001500067020001800082020001500100020001800115035002700133035005700160040011800217050002700335082002100362245015400383246004900537300004600586336002100632337002500653338002300678490004800701505243900749526001003188526001003198526001003208526001003218526000803228526000803236526000803244526000803252526000803260526000803268526000803276650003603284650003203320700003903352700002603391700003503417264003303452PE-LiUPU20250731173038.0160709s2016 gau r 000 0 eng d a0884140830 a9780884140832 z0884140822 z9780884140825 a(Sirsi) i9780884140832 a(OCoLC)953380545z(OCoLC)953131178z(OCoLC)960275427 aEBLCPbengepncEBLCPdOCLCOdYDXCPdOCLCQdLNTdIDBdOCLCOdOCLCFdYDXdVLBdKATdIYUdIOGdOCLCAdPE-LiUPUerda 4aBS2615.2b.J646 2016eb04a226.5067bJ622300aJohn, Jesus, and history.nVolume 3,pGlimpses of Jesus through the Johannine lens /cedited by Paul N. Anderson, Felix Just, S.J., and Tom Thatcher.10aGlimpses of Jesus through the Johannine lens axxiii, 636 páginas ;c23 centímetros. atext2rdacontent aunmediated2rdamedia avolume2rdacarrier1 aEarly Christianity and Its Literature ;v180 aIntroduction and overview -- The last days of Jesus in John: An introduction to the issues -- History and theology in the Johannine presentation of the causes for the death of Jesus : John 11:45-53 as convergence point -- Jesus and Pilate: Memories in John's Gospel? -- "What is truth?": Pilate's perspective on Jesus in John 18:33-38 -- The hour of the lamb? Some remarks on John 19: 14 and the hour of Jesus's condemnation and/or crucifixion -- Story, plot, and history in the Johannine passion narrative -- Points and stars: John and the synoptics -- Traces of Jesus in a pre-Johannine passion narrative -- The passion of Jesus and the gospel of John: Progress and prospects -- Glimpses of the works of Jesus through the Johannine lens -- The works of Jesus in John: An introduction to the issues -- Who were the first disciples of Jesus? An assessment of the historicity of the Johannine call narrative (John 1:35-51) -- The perspective of a Jewish priest on the Johannine timing of the action in the temple -- Jesus in relation to John "the testifier" and not "the baptizer": The fourth gospel's portrayal of John the Baptist and its historical possibilities -- The signs in the gospel of John -- The geopolitics of water and John 4:1-42 -- Siloam, Bethesda, and the Johannine water motif -- John, Jesus, and virtuoso religion -- The last days of Jesus in John and the synoptics: The evidence from astronomy and chronology -- Response to the essays in part 2 -- Glimpses of the words of Jesus through the Johannine lens -- The message of Jesus in John: An introduction to the issues -- The aphorisms of Jesus in the fourth gospel: A look at John 4:35 -- Jesus sayings in the Johannine discourses: A proposal -- Johannine dominical sayings as metatexts of synoptic sayings of Jesus: Reflections on a new category within reception history -- Semitic language and syntax within the speech of the Johannine Jesus -- Observations on God's agent and agency in John 5-9: Tradition, exposition, and glimpses into history -- From the "Kingdom of God" to "eternal life": The transformation of theological language in the fourth gospel -- The Johannine son of man and the historical Jesus: John 9:35 as a test case -- What happened to "good news for the poor" in the Johannine tradition? -- Some reflections on the historicity of the words "laying down your life for your friends" in John 15:13 -- John and the historical Jesus: A response. aSEG42 aSEG41 aSEG40 aSEG39 aP94 aP87 aP86 aP85 aP77 aP76 aP35 4aHistoria de eventos bíblicos. 4aHistory of Biblical events.1 aAnderson, Paul N.,d1956-eeditor.1 aJust, Felix,eeditor.1 aThatcher, Tom,d1967-eeditor. aAtlanta :bSBL Press,c2016.